<?xml version='1.0' encoding='UTF-8'?>
  <record xmlns="http://www.loc.gov/MARC21/slim">
    <leader>00000cem a22000007i 4500</leader>
    <controlfield tag="001">on1052123968</controlfield>
    <controlfield tag="003">OCoLC</controlfield>
    <controlfield tag="005">20240716195747.4</controlfield>
    <controlfield tag="007">ad ca|||</controlfield>
    <controlfield tag="008">180913s1878    ne        e     1   dut d</controlfield>
    <datafield tag="040" ind1=" " ind2=" ">
      <subfield code="a">QGJ</subfield>
      <subfield code="b">eng</subfield>
      <subfield code="e">rda</subfield>
      <subfield code="e">dcrmc</subfield>
      <subfield code="c">QGJ</subfield>
      <subfield code="d">OCLCF</subfield>
      <subfield code="d">OCLCQ</subfield>
      <subfield code="d">OCLCO</subfield>
      <subfield code="d">OCLCL</subfield>
      <subfield code="d">OCLCQ</subfield>
    </datafield>
    <datafield tag="035" ind1=" " ind2=" ">
      <subfield code="a">(OCoLC)1052123968</subfield>
    </datafield>
    <datafield tag="100" ind1="1" ind2=" ">
      <subfield code="a">Bos, P. R.,</subfield>
      <subfield code="d">1847-1902.</subfield>
      <subfield code="1">https://id.oclc.org/worldcat/entity/E39PBJpPCr9XYfj4dR6T8bgBT3</subfield>
    </datafield>
    <datafield tag="245" ind1="1" ind2="0">
      <subfield code="a">Bos' schoolatlas der geheele aarde :</subfield>
      <subfield code="b">in 29 kaarten /</subfield>
      <subfield code="c">[by Pieter Roelof Bos ; lithography v.d. Weijer].</subfield>
    </datafield>
    <datafield tag="246" ind1="3" ind2=" ">
      <subfield code="a">Schoolatlas der geheele aarde</subfield>
    </datafield>
    <datafield tag="250" ind1=" " ind2=" ">
      <subfield code="a">[Revised reimpression of the first edition of 1877].</subfield>
    </datafield>
    <datafield tag="255" ind1=" " ind2=" ">
      <subfield code="a">Scales differ.</subfield>
    </datafield>
    <datafield tag="264" ind1=" " ind2="1">
      <subfield code="a">Te Groningen :</subfield>
      <subfield code="b">bij J.B. Wolters,</subfield>
      <subfield code="c">1878.</subfield>
    </datafield>
    <datafield tag="300" ind1=" " ind2=" ">
      <subfield code="a">1 atlas :</subfield>
      <subfield code="b">color ;</subfield>
      <subfield code="c">37 cm</subfield>
    </datafield>
    <datafield tag="336" ind1=" " ind2=" ">
      <subfield code="a">cartographic image</subfield>
      <subfield code="b">cri</subfield>
      <subfield code="2">rdacontent</subfield>
    </datafield>
    <datafield tag="337" ind1=" " ind2=" ">
      <subfield code="a">unmediated</subfield>
      <subfield code="b">n</subfield>
      <subfield code="2">rdamedia</subfield>
    </datafield>
    <datafield tag="338" ind1=" " ind2=" ">
      <subfield code="a">volume</subfield>
      <subfield code="b">nc</subfield>
      <subfield code="2">rdacarrier</subfield>
    </datafield>
    <datafield tag="500" ind1=" " ind2=" ">
      <subfield code="a">Index on p.[4]: I-Ib, II-XIX, XX-XXb, XXI-XXVII (29 maps in total).</subfield>
    </datafield>
    <datafield tag="500" ind1=" " ind2=" ">
      <subfield code="a">Maps XIII (Groot-Britannië en Ierland) and XV (Italië) in color (as opposed to 1st ed.).</subfield>
    </datafield>
    <datafield tag="510" ind1="4" ind2=" ">
      <subfield code="a">Koeman,</subfield>
      <subfield code="c">Bos 2</subfield>
    </datafield>
    <datafield tag="655" ind1=" " ind2="7">
      <subfield code="a">world atlases.</subfield>
      <subfield code="2">aat</subfield>
    </datafield>
    <datafield tag="655" ind1=" " ind2="7">
      <subfield code="a">World atlases.</subfield>
      <subfield code="2">fast</subfield>
      <subfield code="0">(OCoLC)fst01752695</subfield>
    </datafield>
    <datafield tag="655" ind1=" " ind2="7">
      <subfield code="a">World atlases.</subfield>
      <subfield code="2">lcgft</subfield>
    </datafield>
    <datafield tag="655" ind1=" " ind2="7">
      <subfield code="a">Atlas mondiaux.</subfield>
      <subfield code="2">rvmgf</subfield>
    </datafield>
  </record>